[Event "Quebec-ch qual. 2"]
[Site "Montreal CAN"]
[Date "1999.05.16"]
[Round "5"]
[White "Bolduc, Steve"]
[Black "Moskvitch, Andrei"]
[Result "1-0"]
[WhiteElo "2227"]
[BlackElo "1997"]
[PlyCount "49"]
[GameId "2160767911805095"]
[EventDate "1999.05.16"]
[EventType "swiss"]
[EventRounds "5"]
[EventCountry "CAN"]
[SourceTitle "hb 2011"]

1. d4 Nf6 2. Nf3 c5 3. c3 e6 4. Bg5 d5 5. e3 Be7 6. Nbd2 Nc6 7. Bd3 O-O 8. O-O b6 9. Ne5 Bb7 10. Qf3 h6 11. Bf4 Bd6 12. Qh3 Re8 13. g4 Qc7 14. Ndf3 Ne4 15. g5 hxg5 16. Nxg5 Nxe5 17. Bxe4 dxe4 18. dxe5 Bxe5 19. Bg3 Ba6 20. Qh7+ Kf8 21. Qh5 Bxg3 22. fxg3 Bxf1 23. Rxf1 f5 24. Rd1 g6 25. Qh8+ 1-0

[Event "Quebec-ch w"]
[Site "Montreal CAN"]
[Date "1999.05.28"]
[Round "1"]
[White "Charbonneau, Anne-Marie"]
[Black "Leger, Manon"]
[Result "1/2-1/2"]
[WhiteElo "1950"]
[BlackElo "1598"]
[PlyCount "103"]
[GameId "2160767911808931"]
[EventDate "1999.05.28"]
[EventType "swiss"]
[EventRounds "5"]
[EventCountry "CAN"]

1. d4 f5 2. Nf3 d5 3. g3 Nf6 4. Bg2 e6 5. O-O Bd6 6. b3 Qe7 7. c4 c6 8. Nc3 O-O 9. Bb2 Bd7 10. Qc1 Be8 11. a4 a5 12. Ba3 Na6 13. Bxd6 Qxd6 14. Na2 Ne4 15. c5 Qe7 16. Qe1 Qc7 17. b4 axb4 18. Nxb4 Nxb4 19. Qxb4 Bh5 20. Rfb1 Rfb8 21. Rb2 Qa5 22. Qxa5 Rxa5 23. Ra3 Bxf3 24. Bxf3 Nf6 25. e3 e5 26. Bd1 exd4 27. exd4 Raa8 28. Re3 Kf8 29. f3 Re8 30. Rxe8+ Rxe8 31. Kf2 Re7 32. Rb6 Rc7 33. a5 Nd7 34. Rb2 Kf7 35. Be2 g5 36. a6 bxa6 37. Bxa6 Ke7 38. Rb7 Rxb7 39. Bxb7 Nb8 40. Bc8 Nd7 41. Ke3 Kd8 42. Ba6 Ke7 43. Bc8 h6 44. Bxd7 Kxd7 45. Kd3 Kc7 46. Kc3 Kb7 47. Kb4 h5 48. f4 g4 49. Ka5 Ka7 50. Kb4 Kb7 51. Ka5 Ka7 52. Kb4 1/2-1/2

[Event "Quebec-ch w"]
[Site "Montreal CAN"]
[Date "1999.05.28"]
[Round "1"]
[White "Khaziyeva, Dinara"]
[Black "Luraschi, Julia"]
[Result "0-1"]
[WhiteElo "1776"]
[BlackElo "1414"]
[PlyCount "46"]
[GameId "2160767911808932"]
[EventDate "1999.05.28"]
[EventType "swiss"]
[EventRounds "5"]
[EventCountry "CAN"]

1. e4 e5 2. Nf3 Nc6 3. Bb5 Bc5 4. d3 Nge7 5. c3 O-O 6. O-O d6 7. Nbd2 a6 8. Ba4 b5 9. Bc2 Bg4 10. Re1 Re8 11. Nf1 d5 12. exd5 Nxd5 13. h3 Bh5 14. Ng3 Bg6 15. Ng5 Nf4 16. N5e4 Bb6 17. Qf3 f5 18. Nd2 Qh4 19. Qxc6 Qxg3 20. Qf3 Bxf2+ 21. Kf1 Bxe1 22. Bb3+ Kh8 23. Qxg3 Bxg3 0-1

[Event "Quebec-ch w"]
[Site "Montreal CAN"]
[Date "1999.05.28"]
[Round "1"]
[White "Lavrovsky, Alexandra"]
[Black "Charest, Johanne"]
[Result "0-1"]
[WhiteElo "1448"]
[BlackElo "1921"]
[PlyCount "88"]
[GameId "2160767911808933"]
[EventDate "1999.05.28"]
[EventType "swiss"]
[EventRounds "5"]
[EventCountry "CAN"]

1. e4 e5 2. Nf3 Nc6 3. Bb5 Bc5 4. O-O Nd4 5. Bc4 d6 6. c3 Nxf3+ 7. Qxf3 Nf6 8. d3 Bg4 9. Qg3 Qd7 10. h3 h5 11. Bg5 Be2 12. Bxf6 gxf6 13. Re1 Bg4 14. hxg4 hxg4 15. Nd2 O-O-O 16. Kf1 f5 17. f4 gxf3 18. Qxf3 f4 19. Ke2 Rhg8 20. Qh3 Qxh3 21. gxh3 Rg2+ 22. Kd1 Be3 23. Nf1 Bf2 24. Re2 f3 25. Rd2 Rh8 26. Bxf7 Kd7 27. Kc2 Rxh3 28. Rad1 Rh1 29. Bc4 Ke7 30. d4 Kf6 31. dxe5+ Kxe5 32. Bd3 Kf4 33. c4 Bh4 34. Kc3 Bf6+ 35. Kc2 Bd4 36. b3 c5 37. a4 Be3 38. Nxe3 Kxe3 39. Re1+ Rxe1 40. Rxg2 fxg2 41. Kc3 g1=Q 42. Bf1 Qxf1 43. b4 Qd3+ 44. Kb2 Re2+ 0-1

[Event "Quebec-ch w"]
[Site "Montreal CAN"]
[Date "1999.05.28"]
[Round "1"]
[White "Strassmann, Swantje"]
[Black "Mogilevsky, Olga"]
[Result "1-0"]
[WhiteElo "2115"]
[BlackElo "1738"]
[PlyCount "65"]
[GameId "2160767911808934"]
[EventDate "1999.05.28"]
[EventType "swiss"]
[EventRounds "5"]
[EventCountry "CAN"]

1. e4 e5 2. Bc4 Nf6 3. d3 Bc5 4. Nf3 Nc6 5. O-O O-O 6. c3 Bb6 7. Bg5 h6 8. Bh4 Re8 9. Nbd2 d6 10. Bb3 Bg4 11. Re1 a6 12. Nc4 Ba7 13. Ne3 Bxe3 14. Rxe3 Na5 15. Bc2 c5 16. h3 Bd7 17. Bxf6 Qxf6 18. Nh2 Kh8 19. Rg3 Rg8 20. Qh5 Be6 21. Re1 Nc6 22. Ree3 Kh7 23. Ref3 Qd8 24. Ng4 Ne7 25. Bb3 Ng6 26. Bxe6 fxe6 27. Nxh6 Nf4 28. Rxf4 g6 29. Rf7+ Kh8 30. Rxg6 Rxg6 31. Qxg6 Qg8 32. Nxg8 Rxg8 33. Qh7# 1-0

[Event "Quebec-ch w"]
[Site "Montreal CAN"]
[Date "1999.05.28"]
[Round "1"]
[White "Trottier, Julie"]
[Black "Fortin, Frederique"]
[Result "1-0"]
[WhiteElo "1930"]
[BlackElo "1590"]
[PlyCount "43"]
[GameId "2160767911808935"]
[EventDate "1999.05.28"]
[EventType "swiss"]
[EventRounds "5"]
[EventCountry "CAN"]

1. d4 d5 2. Nf3 Nf6 3. Bf4 Bg4 4. Nbd2 e6 5. h3 Bh5 6. c3 Nbd7 7. Qb3 b6 8. e3 c5 9. Ba6 Bxf3 10. Nxf3 Nh5 11. Bh2 e5 12. dxe5 g6 13. Qxd5 Be7 14. e6 fxe6 15. Qxe6 Ng7 16. Qc6 Nf5 17. Rd1 Rf8 18. Ne5 Nd6 19. Nxd7 Qxd7 20. Qxa8+ Kf7 21. Qd5+ Qe6 22. Bxd6 1-0

[Event "Quebec-ch w"]
[Site "Montreal CAN"]
[Date "1999.05.29"]
[Round "2"]
[White "Charest, Johanne"]
[Black "Strassmann, Swantje"]
[Result "0-1"]
[WhiteElo "1921"]
[BlackElo "2115"]
[PlyCount "126"]
[GameId "2160767911808936"]
[EventDate "1999.05.28"]
[EventType "swiss"]
[EventRounds "5"]
[EventCountry "CAN"]

1. e4 c5 2. Nc3 Nc6 3. f4 g6 4. Nf3 Bg7 5. Bc4 e6 6. d3 Nge7 7. Bb3 d6 8. O-O Na5 9. Qe1 Nxb3 10. axb3 O-O 11. Qh4 Nc6 12. Qxd8 Rxd8 13. Na4 Bd7 14. e5 Nd4 15. Nxd4 cxd4 16. exd6 Rac8 17. b4 Bxa4 18. Rxa4 a6 19. Rf2 Rxd6 20. b3 Rdc6 21. Ra2 Rb6 22. Ra4 Rbc6 23. Ra2 Bf8 24. Ba3 Rb6 25. Kf1 Bxb4 26. Bxb4 Rxb4 27. Ra5 Kf8 28. Ke1 Ke7 29. Kd1 Kd6 30. Re2 Rc5 31. Rxc5 Kxc5 32. Re5+ Kd6 33. Kd2 f5 34. Kd1 Rb6 35. Kc1 Rc6 36. Kd2 Rc8 37. Re2 Re8 38. g3 e5 39. fxe5+ Rxe5 40. Rf2 g5 41. Rf1 Ke6 42. Rf2 a5 43. c3 Kd5 44. Kc2 h6 45. Kd2 dxc3+ 46. Kxc3 b5 47. h3 b4+ 48. Kd2 Kd4 49. h4 Re3 50. hxg5 hxg5 51. Rxf5 Rxd3+ 52. Kc2 Rxg3 53. Rxa5 Rg2+ 54. Kc1 Kc3 55. Rc5+ Kxb3 56. Rc8 Rg4 57. Rg8 Rc4+ 58. Kb1 g4 59. Rg7 Kc3 60. Rd7 Rd4 61. Re7 Rd1+ 62. Ka2 b3+ 63. Ka3 Ra1# 0-1

[Event "Quebec-ch w"]
[Site "Montreal CAN"]
[Date "1999.05.29"]
[Round "2"]
[White "Fortin, Frederique"]
[Black "Khaziyeva, Dinara"]
[Result "0-1"]
[WhiteElo "1590"]
[BlackElo "1778"]
[PlyCount "50"]
[GameId "2160767911808937"]
[EventDate "1999.05.28"]
[EventType "swiss"]
[EventRounds "5"]
[EventCountry "CAN"]

1. e4 c5 2. d4 cxd4 3. c3 dxc3 4. Bc4 Nc6 5. Nf3 e6 6. Nxc3 d6 7. O-O Nf6 8. Qe2 Qc7 9. Rd1 a6 10. Bf4 e5 11. Be3 Bg4 12. Rac1 Be7 13. Nd5 Qb8 14. Bb6 Bd8 15. Nxf6+ gxf6 16. Be3 Be7 17. Bd5 Qc8 18. Rd2 Qd7 19. Rdc2 Rc8 20. Rc3 Rg8 21. Bb6 Bd8 22. Bxd8 Nd4 23. Qd1 Nxf3+ 24. Rxf3 Bxf3 25. Qd2 Rxg2+ 0-1

[Event "Quebec-ch w"]
[Site "Montreal CAN"]
[Date "1999.05.29"]
[Round "2"]
[White "Leger, Manon"]
[Black "Pineault, Veronique"]
[Result "1-0"]
[WhiteElo "1951"]
[BlackElo "1158"]
[PlyCount "71"]
[GameId "2160767911808938"]
[EventDate "1999.05.28"]
[EventType "swiss"]
[EventRounds "5"]
[EventCountry "CAN"]

1. e4 e5 2. Nf3 Nc6 3. Bb5 a6 4. Ba4 b5 5. Bb3 d6 6. c3 Nf6 7. O-O Nxe4 8. Bd5 Bb7 9. Bxe4 d5 10. Bc2 Bd6 11. d3 h6 12. Re1 O-O 13. Nbd2 Qf6 14. Nf1 Rae8 15. Ne3 Ne7 16. Ng4 Qe6 17. Ngxe5 Bxe5 18. Rxe5 Qd6 19. d4 Ng6 20. Bxg6 Qxg6 21. Bf4 Bc8 22. Qe2 Bh3 23. Bg3 Be6 24. Re1 Bd7 25. Qd2 c6 26. Rxe8 Bxe8 27. Ne5 Qf5 28. Qd3 Qe6 29. Qf3 f6 30. Nd3 Qc8 31. Bd6 Bd7 32. Bxf8 Qxf8 33. Ne5 Qe8 34. Qe3 Kh7 35. Qd3+ g6 36. Nf3 1-0

[Event "Quebec-ch w"]
[Site "Montreal CAN"]
[Date "1999.05.29"]
[Round "2"]
[White "Luraschi, Julia"]
[Black "Trottier, Julie"]
[Result "0-1"]
[WhiteElo "1414"]
[BlackElo "1930"]
[PlyCount "82"]
[GameId "2160767911808939"]
[EventDate "1999.05.28"]
[EventType "swiss"]
[EventRounds "5"]
[EventCountry "CAN"]

1. e4 c5 2. Nf3 e6 3. d4 cxd4 4. Nxd4 Nf6 5. Nc3 Bb4 6. Bd3 d5 7. e5 Nfd7 8. Bf4 Nc6 9. Nxc6 bxc6 10. O-O Qc7 11. Qg4 O-O 12. Qh4 g6 13. Bh6 Bc5 14. Bxf8 Bxf8 15. f4 Qb6+ 16. Kh1 Qxb2 17. Ne2 Rb8 18. Ng3 c5 19. c4 Ba6 20. f5 Qxe5 21. fxg6 hxg6 22. Qf4 Qxf4 23. Rxf4 Ne5 24. Be2 Nxc4 25. Nf1 Rb2 26. Bxc4 Bxc4 27. Ne3 Bb5 28. a4 Bd3 29. Ng4 Bg7 30. Rc1 c4 31. Nf2 Bh6 32. Nxd3 cxd3 33. Rc8+ Kg7 34. Rf1 Rc2 35. Rb8 d2 36. Rbb1 Rc1 37. g3 e5 38. Kg2 e4 39. Kf2 d4 40. Ke2 Be3 41. a5 Bh6 0-1

[Event "Quebec-ch w"]
[Site "Montreal CAN"]
[Date "1999.05.29"]
[Round "2"]
[White "Mogilevsky, Olga"]
[Black "Lavrovsky, Alexandra"]
[Result "0-1"]
[WhiteElo "1738"]
[BlackElo "1448"]
[PlyCount "70"]
[GameId "2160767911808940"]
[EventDate "1999.05.28"]
[EventType "swiss"]
[EventRounds "5"]
[EventCountry "CAN"]

1. e4 c5 2. Nf3 e6 3. d4 cxd4 4. Nxd4 Nf6 5. Nc3 Bb4 6. e5 Nd5 7. Qg4 Bf8 8. Nxd5 exd5 9. Bd3 d6 10. e6 Bxe6 11. Nxe6 fxe6 12. O-O Qd7 13. Bxh7 Kd8 14. Bg6 Nc6 15. Bf4 Kc7 16. c4 e5 17. Bf5 Qf7 18. Bg3 d4 19. Rfe1 Be7 20. Rab1 Raf8 21. Be6 Qf6 22. b4 Qg5 23. Qe4 Rh6 24. Bd5 Qf5 25. Qe2 Bh4 26. Bxh4 Rxh4 27. c5 d3 28. Qd2 Nd4 29. cxd6+ Kxd6 30. Be4 Rxe4 31. Rxe4 Qxe4 32. b5 Ne2+ 33. Kh1 Rxf2 34. Qb4+ Qxb4 35. Rxb4 Rf1# 0-1

[Event "Quebec-ch w"]
[Site "Montreal CAN"]
[Date "1999.05.29"]
[Round "2"]
[White "Paradis, Francine"]
[Black "Charbonneau, Anne-Marie"]
[Result "1-0"]
[WhiteElo "1389"]
[BlackElo "1598"]
[PlyCount "49"]
[GameId "2160767911808941"]
[EventDate "1999.05.28"]
[EventType "swiss"]
[EventRounds "5"]
[EventCountry "CAN"]

1. d4 d5 2. Nf3 Nf6 3. Bg5 e6 4. Nbd2 c5 5. e3 Nc6 6. c3 Be7 7. Bd3 O-O 8. O-O Nd7 9. Bf4 c4 10. Bc2 b5 11. a3 a5 12. e4 Nf6 13. e5 Nd7 14. h3 f5 15. exf6 Bxf6 16. Bg3 e5 17. dxe5 Ndxe5 18. Nxe5 Nxe5 19. Bxe5 Bxe5 20. Qh5 Bf5 21. Bxf5 g6 22. Be6+ Kg7 23. Qxe5+ Rf6 24. Bxd5 Raa6 25. Ne4 1-0

[Event "Quebec-ch w"]
[Site "Montreal CAN"]
[Date "1999.05.29"]
[Round "3"]
[White "Fortin, Frederique"]
[Black "Mogilevsky, Olga"]
[Result "1/2-1/2"]
[WhiteElo "1590"]
[BlackElo "1736"]
[PlyCount "82"]
[GameId "2160767911808942"]
[EventDate "1999.05.28"]
[EventType "swiss"]
[EventRounds "5"]
[EventCountry "CAN"]

1. e4 e5 2. d4 exd4 3. c3 d3 4. Bxd3 d6 5. Nf3 Nf6 6. O-O Bg4 7. Bf4 Be7 8. Re1 O-O 9. e5 Nd5 10. Bxh7+ Kxh7 11. Qxd5 dxe5 12. Qxb7 Nd7 13. Nxe5 Nxe5 14. Bxe5 Bd6 15. Bxd6 Qxd6 16. Qe4+ f5 17. Qc2 Rf6 18. Qd2 Re6 19. Rxe6 Qxe6 20. Na3 Re8 21. Nb5 Qb6 22. Nd4 Rd8 23. h3 c5 24. hxg4 cxd4 25. gxf5 Qf6 26. cxd4 Rxd4 27. Qc3 Qd8 28. Re1 Rh4 29. Qg3 Rh6 30. b4 Qf6 31. Rd1 Qf7 32. Rd6 Rxd6 33. Qxd6 Qxf5 34. a4 Qb1+ 35. Kh2 Qc2 36. a5 Qxf2 37. Qd3+ Kg8 38. Qd5+ Kh7 39. Qc5 Qh4+ 40. Kg1 Qe1+ 41. Kh2 Qh4+ 1/2-1/2

[Event "Quebec-ch w"]
[Site "Montreal CAN"]
[Date "1999.05.29"]
[Round "3"]
[White "Khaziyeva, Dinara"]
[Black "Lavrovsky, Alexandra"]
[Result "1-0"]
[WhiteElo "1776"]
[BlackElo "1448"]
[PlyCount "145"]
[GameId "2160767911808943"]
[EventDate "1999.05.28"]
[EventType "swiss"]
[EventRounds "5"]
[EventCountry "CAN"]

1. e4 c5 2. Nf3 e6 3. d4 cxd4 4. Nxd4 Nf6 5. Nc3 Nc6 6. Ndb5 Bb4 7. Nd6+ Ke7 8. Bf4 e5 9. Nf5+ Kf8 10. Bg5 h6 11. Bxf6 Qxf6 12. Ne3 Bxc3+ 13. bxc3 d6 14. Nd5 Qg5 15. Nc7 Rb8 16. Qxd6+ Qe7 17. Qxe7+ Kxe7 18. Nd5+ Kf8 19. Bd3 g6 20. c4 Kg7 21. Kd2 Be6 22. Rab1 f5 23. f3 Rhf8 24. c3 b6 25. Rhe1 f4 26. Kc2 Rfc8 27. Red1 Na5 28. Rb4 Kf7 29. Be2 Rc6 30. Ra4 Ra8 31. Nb4 Rc5 32. Nd3 Rc7 33. Nxe5+ Kg7 34. Rd6 Bf7 35. Rd4 Be8 36. Rb4 b5 37. Rd5 Nxc4 38. Bxc4 bxc4 39. Rd4 Bf7 40. Ng4 h5 41. Nf2 Re8 42. Nh3 a5 43. Rb5 Ra8 44. Nxf4 a4 45. Rd6 a3 46. Rxg6+ Bxg6 47. Ne6+ Kg8 48. Nxc7 Ra7 49. Nd5 Bf7 50. Nb4 Be8 51. Rb6 Rg7 52. g3 h4 53. Rb8 hxg3 54. hxg3 Kf8 55. Kd2 Rxg3 56. Ke3 Rg2 57. Ra8 Ke7 58. Rxa3 Rg3 59. Ra7+ Kd6 60. Ra6+ Kc5 61. Ra5+ Kb6 62. Rf5 Bg6 63. Kf4 Rg1 64. Rg5 Rxg5 65. Kxg5 Be8 66. e5 Kc5 67. f4 Bd7 68. f5 Be8 69. f6 Bf7 70. Kf5 Kb6 71. e6 Be8 72. f7 Bxf7 73. exf7 1-0

[Event "Quebec-ch w"]
[Site "Montreal CAN"]
[Date "1999.05.29"]
[Round "3"]
[White "Luraschi, Julia"]
[Black "Charest, Johanne"]
[Result "0-1"]
[WhiteElo "1414"]
[BlackElo "1921"]
[PlyCount "80"]
[GameId "2160767911808944"]
[EventDate "1999.05.28"]
[EventType "swiss"]
[EventRounds "5"]
[EventCountry "CAN"]

1. e4 e5 2. Nf3 Nc6 3. Nc3 Nf6 4. Bc4 Bc5 5. d3 d6 6. h3 Be6 7. Bg5 h6 8. Bh4 g5 9. Bg3 Bxc4 10. dxc4 Bb4 11. Qe2 Bxc3+ 12. bxc3 Nd7 13. h4 g4 14. Nd2 h5 15. f4 exf4 16. Bxf4 Qe7 17. g3 O-O-O 18. a4 Rde8 19. O-O f5 20. Rfe1 Nc5 21. Nb3 Nxe4 22. Qd3 Ne5 23. Bxe5 dxe5 24. Qe3 Kb8 25. a5 a6 26. Reb1 Qe6 27. Ra4 Qc6 28. Rb4 f4 29. gxf4 exf4 30. Qd3 Ng3 31. Qd5 Qxd5 32. cxd5 Ne2+ 33. Kf1 Nxc3 34. Rb2 Nxd5 35. Rd4 c6 36. c4 Ne3+ 37. Kg1 Rhf8 38. Nc5 Rf7 39. Nxa6+ Ka7 40. Nb4 c5 0-1

[Event "Quebec-ch w"]
[Site "Montreal CAN"]
[Date "1999.05.29"]
[Round "3"]
[White "Paradis, Francine"]
[Black "Leger, Manon"]
[Result "0-1"]
[WhiteElo "1389"]
[BlackElo "1951"]
[PlyCount "112"]
[GameId "2160767911808945"]
[EventDate "1999.05.28"]
[EventType "swiss"]
[EventRounds "5"]
[EventCountry "CAN"]

1. d4 d5 2. Nf3 f5 3. e3 Nf6 4. Nbd2 e6 5. Be2 Bd6 6. c4 c6 7. c5 Bc7 8. O-O O-O 9. h3 Qe7 10. b4 Nbd7 11. a4 e5 12. dxe5 Nxe5 13. Nd4 Bd7 14. b5 Ne4 15. Nxe4 fxe4 16. f4 exf3 17. Bxf3 Nxf3+ 18. Nxf3 Qxc5 19. bxc6 Bxc6 20. Qd3 Qc4 21. Qxc4 dxc4 22. Nd4 Rxf1+ 23. Kxf1 Be4 24. Ba3 Re8 25. Nb5 Bb6 26. Bc1 Rf8+ 27. Kg1 Rd8 28. Nc3 Bd3 29. a5 Bc5 30. Na4 Bb4 31. Nb2 c3 32. Nxd3 Rxd3 33. Kf2 Rd7 34. Ke2 a6 35. Ra4 Be7 36. Rc4 Bf6 37. e4 Kf7 38. g4 Be5 39. Rc5 Ke6 40. Rc8 Bc7 41. Re8+ Kf7 42. Rc8 Bxa5 43. Rc5 Bb4 44. Rd5 Rxd5 45. exd5 Ke7 46. Kd3 b5 47. Kd4 a5 48. Bf4 Kd7 49. h4 Bd6 50. Be3 b4 51. Kc4 Bg3 52. h5 Be1 53. Kb3 Bd2 54. Bd4 g6 55. hxg6 hxg6 56. Bb6 a4+ 0-1

[Event "Quebec-ch w"]
[Site "Montreal CAN"]
[Date "1999.05.29"]
[Round "3"]
[White "Pineault, Veronique"]
[Black "Charbonneau, Anne-Marie"]
[Result "0-1"]
[WhiteElo "1158"]
[BlackElo "1598"]
[PlyCount "34"]
[GameId "2160767911808946"]
[EventDate "1999.05.28"]
[EventType "swiss"]
[EventRounds "5"]
[EventCountry "CAN"]

1. e4 c5 2. Nf3 d6 3. d4 cxd4 4. Nxd4 Nf6 5. Nc3 g6 6. Bb5+ Bd7 7. Bc4 Bg7 8. Qe2 Nc6 9. Nxc6 Bxc6 10. Bb5 Qc7 11. Nd5 Nxd5 12. exd5 Qa5+ 13. c3 Bxb5 14. Qe4 Bxc3+ 15. Bd2 Bxd2+ 16. Kd1 Qb4 17. Qc2 Bg5 0-1

[Event "Quebec-ch w"]
[Site "Montreal CAN"]
[Date "1999.05.29"]
[Round "3"]
[White "Strassmann, Swantje"]
[Black "Trottier, Julie"]
[Result "1-0"]
[WhiteElo "2115"]
[BlackElo "1930"]
[PlyCount "155"]
[GameId "2160767911808947"]
[EventDate "1999.05.28"]
[EventType "swiss"]
[EventRounds "5"]
[EventCountry "CAN"]

1. e4 c5 2. Nf3 e6 3. d4 cxd4 4. Nxd4 Nf6 5. Nc3 Bb4 6. Bd3 d5 7. e5 Nfd7 8. Bf4 Nc6 9. Nxc6 bxc6 10. O-O O-O 11. Qg4 g6 12. Bh6 Be7 13. Bxf8 Bxf8 14. Rae1 Bg7 15. Qg3 Qc7 16. f4 Qb6+ 17. Qf2 Qxb2 18. Nd1 Qa3 19. g4 Qe7 20. Ne3 Nc5 21. Kh1 Bb7 22. Ng2 Nd7 23. Rb1 Nb6 24. Rbe1 Qc7 25. f5 c5 26. f6 Bf8 27. Qf4 c4 28. Be2 Na4 29. Bf3 Nc3 30. Qd2 Na4 31. h4 c3 32. Qe3 Rd8 33. Rd1 Nb2 34. Rd4 Qa5 35. h5 Ba6 36. Re1 Nc4 37. Qg5 Nd2 38. hxg6 hxg6 39. Bd1 Ne4 40. Qe3 Qb6 41. Nh4 Kh7 42. Nf3 Bc5 43. Ng5+ Nxg5 44. Qxg5 Rh8 45. Kg2 Kg8 46. Rh1 Rxh1 47. Kxh1 Qb8 48. Qh6 Qf8 49. Qxf8+ Kxf8 50. Ra4 Bc4 51. Kg2 g5 52. Kf3 Bd4 53. Be2 Bxe2+ 54. Kxe2 Bxe5 55. Rxa7 Bxf6 56. a4 Bd4 57. Rb7 Ke8 58. a5 f6 59. a6 Kd8 60. a7 Bxa7 61. Rxa7 f5 62. Rg7 f4 63. Rxg5 Ke7 64. Rg8 Kf7 65. Rc8 d4 66. Kf3 e5 67. Ke4 Ke6 68. Re8+ Kf6 69. Rxe5 d3 70. Rf5+ Kg6 71. Kxd3 f3 72. Rxf3 Kg5 73. Kxc3 Kxg4 74. Rf8 Kg5 75. Kd4 Kg6 76. Ke5 Kg7 77. Rf1 Kg6 78. c4 1-0

[Event "Quebec-ch w"]
[Site "Montreal CAN"]
[Date "1999.05.30"]
[Round "4"]
[White "Charbonneau, Anne-Marie"]
[Black "Charest, Johanne"]
[Result "0-1"]
[WhiteElo "1598"]
[BlackElo "1920"]
[PlyCount "58"]
[GameId "2160767911808948"]
[EventDate "1999.05.28"]
[EventType "swiss"]
[EventRounds "5"]
[EventCountry "CAN"]

1. d4 d5 2. c4 e6 3. Nc3 c5 4. cxd5 cxd4 5. Qxd4 Nc6 6. Qd1 exd5 7. Nf3 Nf6 8. Nd4 Bc5 9. Be3 Qb6 10. Nc2 d4 11. Na4 Qa5+ 12. Bd2 Qxa4 13. b3 Qb5 14. b4 Nxb4 15. Rb1 Nxc2+ 16. Qxc2 Qc6 17. e3 O-O 18. Rc1 dxe3 19. fxe3 Ba3 20. Qxc6 bxc6 21. Rxc6 Bb7 22. Rc7 Bd5 23. Rc3 Bb4 24. Rd3 Bxd2+ 25. Rxd2 Rfe8 26. Ke2 Rac8 27. Rg1 Rc1 28. a4 Bc4+ 29. Kf2 Ne4+ 0-1

[Event "Quebec-ch w"]
[Site "Montreal CAN"]
[Date "1999.05.30"]
[Round "4"]
[White "Lavrovsky, Alexandra"]
[Black "Paradis, Francine"]
[Result "1-0"]
[WhiteElo "1449"]
[BlackElo "1389"]
[PlyCount "105"]
[GameId "2160767911808949"]
[EventDate "1999.05.28"]
[EventType "swiss"]
[EventRounds "5"]
[EventCountry "CAN"]

1. e4 c5 2. Nf3 d6 3. d4 cxd4 4. Nxd4 Nf6 5. Nc3 a6 6. a4 e6 7. Be2 Be7 8. O-O O-O 9. Kh1 Nc6 10. f4 Qb6 11. Be3 Qxb2 12. Qd2 Qb4 13. Nxc6 bxc6 14. Rfb1 Qa5 15. Bb6 Nxe4 16. Nxe4 Qxd2 17. Nxd2 a5 18. Nc4 Ba6 19. Bf1 Bxc4 20. Bxc4 d5 21. Be2 c5 22. Rb5 Rfb8 23. Rab1 c4 24. Bxa5 Rc8 25. Bb4 Bf6 26. Bd6 Rxa4 27. Rb8 Ra8 28. Rxa8 Rxa8 29. Rb8+ Rxb8 30. Bxb8 Bd4 31. Bd6 f6 32. g3 Kf7 33. Kg2 h6 34. Bf3 Bb2 35. Bc5 Ke8 36. f5 Kf7 37. Bh5+ g6 38. fxe6+ Kxe6 39. Bxg6 f5 40. Bh5 d4 41. Be2 Kd5 42. Bf8 h5 43. Kf2 c3 44. Bd3 Bc1 45. Bxf5 Ke5 46. Bd3 Bg5 47. Bg7+ Bf6 48. Bxf6+ Kxf6 49. Kf3 Kg5 50. h4+ Kh6 51. Ke4 Kg6 52. Kxd4+ Kf6 53. Kxc3 1-0

[Event "Quebec-ch w"]
[Site "Montreal CAN"]
[Date "1999.05.30"]
[Round "4"]
[White "Leger, Manon"]
[Black "Strassmann, Swantje"]
[Result "0-1"]
[WhiteElo "1951"]
[BlackElo "2115"]
[PlyCount "76"]
[GameId "2160767911808950"]
[EventDate "1999.05.28"]
[EventType "swiss"]
[EventRounds "5"]
[EventCountry "CAN"]

1. e4 c5 2. Nf3 d6 3. d4 cxd4 4. Nxd4 Nf6 5. Nc3 a6 6. Bg5 e6 7. Qd2 Be7 8. f3 Qc7 9. O-O-O Nbd7 10. h4 b5 11. g4 Bb7 12. Qg2 b4 13. Nce2 Rc8 14. Ng3 Ne5 15. Bxf6 gxf6 16. Qd2 d5 17. Rh3 Nc4 18. Bxc4 Qxc4 19. Kb1 a5 20. Nde2 a4 21. Rhh1 Rc7 22. Rc1 dxe4 23. fxe4 Bxe4 24. Nxe4 Qxe4 25. Rhg1 a3 26. Qd3 Qe5 27. c3 axb2 28. Kxb2 Rd7 29. Qa6 Rd2+ 30. Rc2 bxc3+ 31. Nxc3 Rxc2+ 32. Kxc2 Qh2+ 33. Ne2 O-O 34. h5 Rd8 35. Rd1 Qc7+ 36. Nc3 Rxd1 37. Kxd1 Qxc3 38. Qa8+ Bf8 0-1

[Event "Quebec-ch w"]
[Site "Montreal CAN"]
[Date "1999.05.30"]
[Round "4"]
[White "Mogilevsky, Olga"]
[Black "Luraschi, Julia"]
[Result "1-0"]
[WhiteElo "1736"]
[BlackElo "1414"]
[PlyCount "59"]
[GameId "2160767911808951"]
[EventDate "1999.05.28"]
[EventType "swiss"]
[EventRounds "5"]
[EventCountry "CAN"]

1. e4 e5 2. Nf3 Nc6 3. Bb5 Bc5 4. O-O Nge7 5. Nxe5 Nxe5 6. d4 c6 7. Ba4 Bd6 8. dxe5 Bxe5 9. Nd2 O-O 10. Qh5 Ng6 11. Nf3 Re8 12. Bb3 d5 13. exd5 cxd5 14. Rd1 Be6 15. Ng5 h6 16. Nxe6 Rxe6 17. Bxd5 Rd6 18. Qf3 Qc7 19. g3 Rf6 20. Qe2 Qb6 21. Be3 Qxb2 22. Rab1 Qa3 23. Rxb7 Qf8 24. Rd7 Re8 25. Qc4 Ne7 26. Bc5 Kh8 27. Re1 Rf5 28. Bxe7 Rxe7 29. Rxe7 Qxe7 30. Qc8+ 1-0

[Event "Quebec-ch w"]
[Site "Montreal CAN"]
[Date "1999.05.30"]
[Round "4"]
[White "Trottier, Julie"]
[Black "Khaziyeva, Dinara"]
[Result "0-1"]
[WhiteElo "1935"]
[BlackElo "1778"]
[PlyCount "78"]
[GameId "2160767911808952"]
[EventDate "1999.05.28"]
[EventType "swiss"]
[EventRounds "5"]
[EventCountry "CAN"]

1. d4 Nf6 2. Nf3 c5 3. c3 d5 4. Bf4 e6 5. e3 Nc6 6. h3 Qb6 7. Qb3 c4 8. Qc2 Be7 9. Nbd2 Bd7 10. Be2 Qa5 11. a4 Rc8 12. O-O O-O 13. e4 Be8 14. e5 Nd7 15. Ng5 Bxg5 16. Bxg5 f6 17. exf6 Nxf6 18. Rfe1 Bg6 19. Qc1 e5 20. Nf3 exd4 21. cxd4 Ne4 22. Be3 Qc7 23. Nh4 Bf7 24. Bg4 Rce8 25. Bf4 Qd8 26. Nf5 Bg6 27. Rxe4 Rxe4 28. Bg5 Qb6 29. Nd6 Qxd4 30. Nxe4 Bxe4 31. Be3 Qf6 32. Qc3 d4 33. Qxc4+ Kh8 34. Rf1 dxe3 35. Qxe4 exf2+ 36. Kh1 Qe5 37. Qc2 Nd4 38. Rxf2 Qe1+ 39. Kh2 Qxf2 0-1

[Event "Quebec-ch w"]
[Site "Montreal CAN"]
[Date "1999.05.30"]
[Round "5"]
[White "Charbonneau, Anne-Marie"]
[Black "Mogilevsky, Olga"]
[Result "1-0"]
[WhiteElo "1598"]
[BlackElo "1736"]
[PlyCount "65"]
[GameId "2160767911808953"]
[EventDate "1999.05.28"]
[EventType "swiss"]
[EventRounds "5"]
[EventCountry "CAN"]

1. d4 Nf6 2. c4 e6 3. Nc3 Bb4 4. e3 O-O 5. Bd3 c5 6. Nf3 Nc6 7. Qc2 d6 8. O-O Re8 9. dxc5 Bxc3 10. Qxc3 dxc5 11. Rd1 Qe7 12. b3 e5 13. Nd2 b6 14. Ne4 Bb7 15. Nd6 Red8 16. Nxb7 Qxb7 17. Bb2 Rd7 18. Be2 Rad8 19. Qe1 Rd6 20. Rxd6 Rxd6 21. Rd1 Re6 22. Qd2 h6 23. Bf3 e4 24. Be2 Ne5 25. b4 cxb4 26. Qxb4 Qc7 27. Ba3 Nfd7 28. Qb5 Rc6 29. Rd4 f5 30. Qd5+ Kh7 31. Bd6 Rxd6 32. Qxd6 Qd8 33. Qxe5 1-0